| 000 | 00490nam a2200169 i 4500 | ||
|---|---|---|---|
| 001 | 147112 | ||
| 003 | ES-MaACL | ||
| 005 | 20230906201814.0 | ||
| 007 | t| | ||
| 008 | 070921s1959 xxu ||||1| eng d | ||
| 100 | 1 |
_aTwain, Mark. _9111791 |
|
| 245 | 1 | 4 |
_aThe adventures of Huckleberry Finn / _cMark Twain. |
| 250 | _a[5ª Impresión]. | ||
| 260 |
_aNew York, etc. : _bNew American Library etc., _c[1959] ( _fs.i.) |
||
| 300 |
_a288 p. ; _c18 cm. |
||
| 852 |
_aES-MaACL _jC-34881 _bR.66109 |
||
| 999 |
_c147112 _d147112 |
||